Score 0/35 Timer 07:00
3 Plays Today
% Correct
The Wizard Of Oz
93.9%
Raiders Of The Lost Ark
89.9%
American Pie
89.8%
Up
89.6%
Cast Away
87.8%
Ghostbusters
83.7%
Paul Blart: Mall Cop
82.1%
Monty Python And The Holy Grail
79.8%
Men In Black
78.3%
The Matrix
76.6%
Big
74.9%
This Is Spinal Tap
69.2%
E.T. The Extra-Terrestrial
68.2%
Fight Club
66.9%
Fargo
66.6%
A Christmas Story
66.4%
Back To The Future II
63.9%
Pulp Fiction
63.8%
% Correct
Memento
63.6%
Inception
62.7%
A Clockwork Orange
62.3%
Avatar
59.3%
Citizen Kane
52.3%
North By Northwest
51.1%
American Psycho
49%
The Big Lebowski
47.8%
Spaceballs
47.1%
American Graffiti
46.2%
Die Hard
44.3%
No Country For Old Men
44%
The Gods Must Be Crazy
40.5%
The Graduate
39.8%
The Shining
37.9%
Chinatown
33.8%
Blade Runner
25.3%
Remove Ads.
Support Sporcle.
Get the best of Sporcle when you Go Orange. This ad-free experience offers more features, more stats, and more fun while also helping to support Sporcle. Thank you for becoming a member.

You're not logged in!

Compare scores with friends on all Sporcle quizzes.
OR
Log In

Show Comments

Extras

Top Quizzes Today


Score Distribution

Your Account Isn't Verified!

In order to create a playlist on Sporcle, you need to verify the email address you used during registration. Go to your Sporcle Settings to finish the process.

Report this User

Report this user for behavior that violates our Community Guidelines.

Details: